000 00690nam a2200253Ia 4500
003 OSt
005 20220918165938.0
006 a|||||r|||| 00| 0
007 ta
008 220917b |||||||| |||| 00| 0 eng d
020 _a8185133689 (hbk)
024 _a172,887
037 _cTextual
040 _aARTS
_cARTS
_beng
041 _2eng
_aeng
082 _aR694, N4 (SC)
100 _aChaudhary Angraj
_926289
245 0 _aEssays on Buddhism and Pali literature
260 _aDelhi
_bEastern Book Linkers
_c1994
300 _aiv, 221p.
_ccm.
650 _aBUDDHIST PHILOSOPHY
942 _hR694, N4 (SC)
_cTEXL
_2CC
999 _c131873
_d131873